LEADER 00984nam0-22003611i-450 001 990001750950403321 005 20210212125610.0 010 $a88-206-2553-9 035 $a000175095 035 $aFED01000175095 035 $a(Aleph)000175095FED01 035 $a000175095 100 $a20030910d1992----km-y0itay50------ba 101 0 $aita 102 $aIT 105 $aa 001yy 200 1 $aVirus e virosi delle piante$fGiuseppe Belli 210 $aBologna$cEdagricole$d1992 215 $aX, 212 p.$cill.$d20 cm 610 0 $aVirologia vegetale 610 0 $aPiante$aMalattie da virus 676 $a581.234 676 $a579.28$v23$zita 700 1$aBelli,$bGiuseppe$f<1935- >$0347557 801 0$aIT$bUNINA$gRICA$2UNIMARC 901 $aBK 912 $a990001750950403321 952 $a60 579.28 BELG 1992$b3438$fFAGBC 952 $aXIII B 34$b933$fFMVBC 959 $aFAGBC 959 $aFMVBC 996 $aVirus e virosi delle piante$9365434 997 $aUNINA LEADER 00880nam0-22002651i-450 001 990004743170403321 005 20210607131906.0 035 $a000474317 035 $aFED01000474317 035 $a(Aleph)000474317FED01 035 $a000474317 100 $a19990530g18569999km-y0itay50------ba 101 0 $aita 105 $ay-------001yy 200 1 $aStatistique de l'industrie de la France$eQuantitès et valeurs des principaux produits industriels. Minèraux, Végétaux et Animaux...$fMoreau de JonnF 210 $aParis$cGuillaumin et C.ie$d1856. 215 $aXXIV, 380 p.$d20 cm 700 1$aMoreau de Jonnès,$bAlexandre$f<1778-1870>$0332623 801 0$aIT$bUNINA$gRICA$2UNIMARC 901 $aBK 912 $a990004743170403321 952 $a3/XIII BIS AA 34$bS.I.$fFLFBC 959 $aFLFBC 996 $aStatistique de l'industrie de la France$9558952 997 $aUNINA